A Sound Brain in a Sound Body/A Comparison of Greek Student-Athletes and Non-Athletes' Cognitive Abilities (Record no. 8471)
[ view plain ]
| 000 -LEADER | |
|---|---|
| fixed length control field | 01307cam a22001814a 4500 |
| 005 - ΗΜΕΡΟΜΗΝΙΑ ΚΑΙ ΩΡΑ ΤΕΛΕΥΤΑΙΑΣ ΕΝΗΜΕΡΩΣΗΣ | |
| Πεδίο ελέγχου | 20250605164336.0 |
| 008 - FIXED-LENGTH DATA ELEMENTS--GENERAL INFORMATION | |
| Πεδίο ελέγχου σταθερού μήκους | 250528s ||||||||||||||||||||||||d |
| 035 ## - SYSTEM CONTROL NUMBER | |
| System control number | 23461 |
| 040 ## - ΠΗΓΗ ΚΑΤΑΛΟΓΟΓΡΑΦΗΣΗΣ | |
| Φορέας πρωτότυπης καταλογογράφησης | MC Athens Campus Library |
| Γλώσσα καταλογογράφησης | Ελληνικά, Μοντέρνα (1453-) |
| Modifying agency | MC Athens Campus Library |
| Κανόνες περιγραφικής καταλογογράφησης | AACR2 |
| 245 1# - ΤΙΤΛΟΣ ΚΑΙ ΔΗΛΩΣΗ ΥΠΕΥΘΥΝΟΤΗΤΑΣ | |
| Τίτλος | A Sound Brain in a Sound Body/A Comparison of Greek Student-Athletes and Non-Athletes' Cognitive Abilities |
| 300 ## - PHYSICAL DESCRIPTION | |
| Extent | 118 |
| 520 ## - SUMMARY, ETC. | |
| Summary, etc. | Acknowledgements, Abstract, Introduction, Imagery Ability and Effective Imagery Use in Collegiate Athletes and Non-Athletes, Pain Tolerance Among Student Athletes and Non-Athletes, Variation in Decision-Making Skill Across Athletic and Non-Athletic Population, The Present Study, Hypotheses, Methods, Design, Participants, Materials, The Sports Imagery Ability Questionnaire, The Sports Inventory for Pain, The Decision Making Questionnaire, Self-Report Questionnaire, Procedure, Analytic Strategy, Results, Data Screening and Diagnostics and Descriptive Statistics, Analyses, Multivariate Analysis, Factor Analyses, Internal Consistency Analyses, Discussion, Imagery Skill, Pain Tolerance, Decision Making, Limitations and Strengths and Recommendations, Conclusion, List of References, Appendices. |
| 700 1# - ΠΡΟΣΘΕΤΗ ΑΝΑΓΡΑΦΗ--ΦΥΣΙΚΟ ΠΡΟΣΩΠΟ | |
| Personal name | Karagianni Maria |
| 9 (RLIN) | 9029 |
| 700 1# - ΠΡΟΣΘΕΤΗ ΑΝΑΓΡΑΦΗ--ΦΥΣΙΚΟ ΠΡΟΣΩΠΟ | |
| Personal name | Louka Penelope |
| 9 (RLIN) | 9017 |
| 942 ## - ADDED ENTRY ELEMENTS (KOHA) | |
| Koha item type | Διπλωματική εργασία |
| Τύπος τεκμηρίου | Βιβλιοθήκη | Τρέχουσα τοποθεσία | Barcode | Ημερομηνία απόκτησης | Ταξιθετικό σύμβολο | Αριθμός αντιτύπου | Κατάσταση απόσυρσης | Κατάσταση χαμένου | Κατάσταση κατεστραμμένου | Μη δανεισμός | Σύνολο δανεισμών | Ημερομηνία τελευταίας εμφάνισης | Η τιμή ισχύει από |
|---|---|---|---|---|---|---|---|---|---|---|---|---|---|
| Διπλωματική εργασία | MC Athens Campus Library | MC Athens Campus Library | 9780000084705 | 05/06/2025 | PSY 2017 (33) | 1 | 05/06/2025 | 05/06/2025 |